Asesinato en el campo de golf /

Guardado en:
Autor Principal: Christie, Agatha
Formato: Libro
Publicado: Buenos Aires : Planeta, 2010
Materias:
Etiquetas: Agregar Etiqueta
Sin Etiquetas, Sea el primero en etiquetar este registro!
LEADER 00603nam a22002055a 4500
001 CEM.cems014418
008 130507s2010##################000#0#####d
005 20230829090925.0
245 1 0 |a Asesinato en el campo de golf /  |c Agatha Christie 
260 |a Buenos Aires :  |b Planeta,  |c 2010 
300 |a 224 p. 
500 |a Traducido por Guillermo de Boladeres 
020 |a 9789504923473 
100 1 |a Christie, Agatha 
082 0 4 |a 823.9 
653 |a Literatura 
653 |a Literatura inglesa 
653 |a Novela 
653 |a Novela policial 
859 |a CEMS  |b BIB. CEMS - 11 de abril  |h 823.9  |i Ch984-7  |p 26980.14  |t Ej.1